| 000 | 01130nam a22003497a 4500 | ||
|---|---|---|---|
| 001 | BR7803665 | ||
| 003 | BR-BrBNA | ||
| 005 | 20230928085622.0 | ||
| 007 | ta | ||
| 008 | 230509b bl.||||| |||| 00| 0 por d | ||
| 040 |
_aBR-BrBNA _bpor _cBiblioteca Nacional de Agricultura |
||
| 041 | _a(Por) | ||
| 072 |
_aF25; E30; F00 _b3801 _b3840 _b/G514 |
||
| 090 | _ 3801 BR7803665 | ||
| 100 | 1 | _aPinto, F. de S.M. | |
| 100 | 1 | _aBergen, T. van den | |
| 110 | 1 | _aEmpresa de Assistencia Tecnica e Extensao Rural do Estado da Paraiba, Joao Pessoa (Brasil) | |
| 245 | 1 |
_aRelatorio anual do Projeto de Fertilizantes e Corretivos - 1977 [Projeto agricola; NPK; Adubacao; Producao vegetal; Analise economica; Paraiba; Brasil] _bProjeto - EMBRATER - FAO - MA |
|
| 260 | 3 |
_aJoao Pessoa, PB (Brasil): _cAug 1978. |
|
| 300 | _a41 p. | ||
| 500 | _aNumerical data | ||
| 650 | _aFertilizante | ||
| 650 | _aProjeto agricola | ||
| 650 | _aProducao vegetal | ||
| 650 | _aCorretivo | ||
| 650 | _aAdubacao | ||
| 650 | _aNPK | ||
| 650 | _aAnalise economica | ||
| 650 | _aParaiba | ||
| 909 |
_a202309 _bLucia _c55 _dLucia Elande |
||
| 942 | _cBK | ||
| 999 |
_c25417 _d25417 |
||